Grass Type Pokémon Trivia - Statistics

General Stats
  • This quiz has been taken 19 times
  • The average score is 12 of 20
Answer Stats
Hint Answer % Correct
True or False: There are more Special Grass type moves than Physical False
100%
How many Grass types have evolved via Sun Stone? 5 - Bellossom, Sunflora, Whimsicott, Lilligant, Hisuian Lilligant
93%
In Gen V Giga Drain's Base Power was increased from 60 to what? 75
93%
What environmental condition is required for Grassy Glide to be given a +1 priority Grassy Terrain
93%
Which Generation introduced the most Grass types? V
93%
What level does Cherubi evolve into Cherrim? Lv.25
86%
The Grass type in the Ruinous Quartet Wo-Chien
86%
The second pure Grass type in Pokédex order Chikorita
79%
Abomasnow's Mega Stone Abomasite
71%
Guess the move - Power:80 / Accuracy:100% / PP:15 (without PP ups) Seed Bomb
71%
A Gen IV or later game in which it is impossible to evolve Eevee into Leafeon HeartGold, SoulSilver
64%
A Grass type that ISN'T part of a starter Pokémon evolution line to have the Ability Overgrow Pansage, Simisage
57%
If a Pokémon holding this Berry is hit with a super effective Grass type move, the power of that move will be weakened Rindo Berry
50%
Eterna Gym Leader Gardenia will award which badge? Forest Badge
43%
The Grass type with the highest Base Speed stat Hisuian Electrode
43%
The Grass type known with the category Land Spirit Pokémon Tapu Bulu
36%
Gigantamax Flapple's signature G-Max move G-Max Tartness
29%
Only pure Grass type to learn Earthquake via level up Gogoat
21%
The only Grass type you can face in Pokéstar Studios Black Door
14%
A Grass type that can learn Fire Punch via level up, TM/TR, Tutor or Breeding Lombre, Ludicolo
14%
No matching quizzes found
Score Distribution
Percent of People with Each Score
Percentile by Number Answered
Your Score History
You have not taken this quiz